| 000 | 00759cab a2200241 4500 | ||
|---|---|---|---|
| 001 | ABS59214 | ||
| 008 | 090401t1998 xxu||||| |||| 00| 0 eng d | ||
| 035 | _a(Sirsi) u88017 | ||
| 041 | _aeng | ||
| 100 | _aPunter, J. | ||
| 245 | 4 | _aThe role of policy in design appeals | |
| 260 | _c1998 | ||
| 350 | _a0 | ||
| 490 |
_aTown & Country Planning _v67(6) July 1998, 224-226(3) |
||
| 520 | _aSummarises the results of a research project into design appeals in current English planning practice with an examination of how policy impacts upon design appeals. Tables. | ||
| 650 | _aDESIGN APPEALS | ||
| 650 | _aPLANNING APPEALS | ||
| 650 | _aRESEARCH | ||
| 690 | _aPLANNING LAW AND PRACTICE | ||
| 700 | _aBell, A. | ||
| 942 | _n0 | ||
| 948 | _c17/08/1998 | ||
| 999 |
_c55573 _d55573 |
||